| 000 -LEADER |
| fixed length control field |
00706nam a22001937a 4500 |
| 020 ## - INTERNATIONAL STANDARD BOOK NUMBER |
| ISBN |
9786210401271 |
| 082 ## - DEWEY DECIMAL CLASSIFICATION NUMBER |
| Classification number |
302.2 |
| Item number |
L7322 2019 |
| 100 ## - MAIN ENTRY--AUTHOR NAME |
| Personal name |
Lim, Jonna Marie A., author. |
| 245 ## - TITLE STATEMENT |
| Title |
A course module for purposive communication / Jonna Marie A. Lim, PhD, Irene Blanco-Hamada, PhD, Elen Joy P. Alata, MAEd. |
| 260 ## - PUBLICATION, DISTRIBUTION, ETC. (IMPRINT) |
| Place of publication |
Manila : |
| Name of publisher |
Rex Book Store, |
| Year of publication |
©2019. |
| 300 ## - PHYSICAL DESCRIPTION |
| Number of Pages |
xviii, 239 pages : |
| Other physical details |
illustrations ; 26 cm |
| 500 ## - GENERAL NOTE |
| General note |
Includes bibliographical references and index. |
| 650 ## - SUBJECT ADDED ENTRY--TOPICAL TERM |
| Topical Term |
Communication. |
| 650 ## - SUBJECT ADDED ENTRY--TOPICAL TERM |
| Topical Term |
Communication -- Study and teaching. |
| 650 ## - SUBJECT ADDED ENTRY--TOPICAL TERM |
| Topical Term |
English language -- Study and teaching. |
| 700 ## - ADDED ENTRY--PERSONAL NAME |
| Personal name |
Blanco-Hamada, Irene. |
| 700 ## - ADDED ENTRY--PERSONAL NAME |
| Personal name |
Alata, Elen Joy P. |
| 942 ## - ADDED ENTRY ELEMENTS (KOHA) |
| Koha item type |
Books |